| 000 | 00777nam a22002297a 4500 | ||
|---|---|---|---|
| 005 | 20140101154111.0 | ||
| 010 | _aENG-108946 | ||
| 020 |
_a9781259098277 _c450.00 |
||
| 020 |
_a1259098273 _c450.00 |
||
| 035 | _aEN-92479 | ||
| 037 | _bDBAD/PUB | ||
| 082 |
_222 _a174.4 |
||
| 100 | _aHartman, Laura P. | ||
| 245 |
_aBusiness ethics : _cby Laura P. Hartman [and] Joe DesJardins _bdecision-making for personal integrity and social responsibility / |
||
| 260 |
_aNew Delhi _bMcGraw Hill Education _c2013 |
||
| 270 |
_aP-24,Green Park Extension _bNew Delhi _e110016 |
||
| 300 |
_axvi,608p. _c24cm(pbk) |
||
| 500 | _aIncludes bibliographical references and index | ||
| 650 | _aBusiness ethics | ||
| 700 | _aDesJardins, Joe | ||
| 942 |
_2ddc _cEN _mHAR _h174.4 |
||
| 999 |
_c81493 _d81493 |
||